Estatísticas para Países Aleatórios em um mapa da Europa

Clique aqui para jogar o quiz

Estatísticas Gerais

  • Esse quiz foi jogado 26 120 vezes
  • A pontuação média é 12 de 15

Respostas no mapa

Respostas codificadas por cores de uma escala verde-vermelha no mapa do quiz de acordo com a % correta abaixo.
 

Estatísticas das Respostas

País% Correto
Itália
98%
Espanha
97%
França
97%
Portugal
97%
Alemanha
95%
Reino Unido
95%
Rússia
95%
Irlanda
91%
Suécia
91%
Noruega
90%
Grécia
89%
Finlândia
87%
Islândia
87%
Ucrânia
86%
Polônia
84%
Bélgica
83%
Países
Baixos
83%
Dinamarca
80%
Vaticano
80%
Suíça
78%
Bielorrússia
77%
Estônia
74%
Letónia
74%
Lituânia
73%
Luxemburgo
72%
Áustria
71%
Croácia
71%
Mônaco
71%
Andorra
70%
Malta
69%
San Marino
67%
Romênia
64%
República
Checa
63%
Hungria
62%
Bósnia e
Herzegovina
60%
Eslováquia
60%
Sérvia
60%
Eslovénia
58%
Kosovo
58%
Albânia
57%
Bulgária
57%
Moldávia
56%
Macedónia
do Norte
55%
Montenegro
55%
Liechtenstein
53%

Distribuição das Pontuações

Percentil de Números Respondidos

Porcentagem de Pessoas com Cada Pontuação

Sua Pontuação Histórica

Você não jogou esse quiz